Les 10 pays les plus racistes - Statistiques

Statistiques générales
  • Ce quiz a été pris 1 003 fois
  • Le résultat moyen est 5 sur 10
Statistiques - réponses
RANG Réponse % Correct
3 France
94%
5 Etats-Unis
74%
2 Italie
72%
9 Russie
68%
10 Chine
65%
1 Inde
48%
7 Algérie
44%
4 Afrique du sud
29%
8 Libye
6%
6 Birmanie
2%
Aucun quiz correspondant
Distribution des résultats
% des personnes avec chaque résultat
Percentile par nombre de réponses
Votre historique - résultats
Vous n’avez pas pris ce quiz